[Event "Fast Game"]
[Site "www.echecsemail.com"]
[Date "2017.12.06"]
[Round "1"]
[White "Hennie4820"]
[Black "Sahlapalat"]
[Result "0-1"]
[WhiteElo "1650"]
[BlackElo "1599"]
[PlyCount "70"]
[EventDate "2017.??.??"]

1. e4 c5 2. Nf3 d6 3. d4 cxd4 4. Nxd4 Nf6 5. Nc3 Nc6 6. Be2 e5 7. Nb3 Be7 8.
O-O O-O 9. Be3 Be6 10. f3 d5 11. exd5 Nxd5 12. Nxd5 Bxd5 13. Qd2 b6 14. Rad1
Be6 15. Qc3 Qc7 16. Bb5 Rac8 17. Ba6 Bb4 18. Qd3 Rcd8 19. Qe2 Rxd1 20. Rxd1 Rd8
21. a3 Be7 22. Bb5 Rxd1+ 23. Qxd1 h6 24. Qd2 Bxb3 25. cxb3 Nd4 26. b4 Nxb5 27.
Qd3 Nd6 28. Qd5 Bf6 29. h3 Nf5 30. Bf2 Nd4 31. Qa8+ Kh7 32. Qe4+ g6 33. h4 Qc6
34. Bxd4 Qxe4 35. fxe4 exd4 0-1

[Event "FICS rated standard game"]
[Site "FICS freechess.org"]
[Date "2017.12.04"]
[Round "?"]
[White "taiwanjack"]
[Black "foggydew"]
[Result "0-1"]
[WhiteElo "1828"]
[BlackElo "2174"]
[PlyCount "42"]
[EventDate "2017.??.??"]
[EventType "swiss"]

1. e4 c5 2. Nf3 d6 3. d4 cxd4 4. Nxd4 Nf6 5. Nc3 Nc6 6. Be2 e5 7. Nb3 Be7 8.
Be3 O-O 9. Qd2 Ng4 10. Bxg4 Bxg4 11. f3 Be6 12. O-O-O a5 13. Nd5 a4 14. Nxe7+
Qxe7 15. Na1 a3 16. Qxd6 axb2+ 17. Kxb2 Rxa2+ 18. Kb1 Qxd6 19. Rxd6 Rfa8 20.
Nb3 Bxb3 21. Rhd1 Bxc2+ 0-1

[Event "FIN, SM-Liiga 2017/18 rounds 5-6"]
[Site "Vantaa FIN"]
[Date "2017.12.02"]
[Round "5.7"]
[White "Paakkonen, Timo"]
[Black "Vaatainen, Timo"]
[Result "0-1"]
[WhiteElo "2222"]
[BlackElo "2219"]
[PlyCount "80"]
[EventDate "2017.09.16"]
[EventType "tourn"]
[EventCountry "FIN"]
[SourceTitle "OM OTB B 201907"]
[Source "Opening Master"]
[SourceDate "2019.07.06"]
[SourceVersion "2"]
[SourceVersionDate "2019.07.06"]
[SourceQuality "1"]
[WhiteTeam "SK ComeOn, Helsinki"]
[BlackTeam "Aatos, Helsinki"]

1. e4 c5 2. Nf3 d6 3. Be2 Nf6 4. Nc3 Nc6 5. d4 cxd4 6. Nxd4 e5 7. Nf3 h6 8. h3
Be6 9. Be3 Be7 10. Qd2 d5 11. exd5 Nxd5 12. Nxd5 Qxd5 13. a3 Qxd2+ 14. Nxd2 O-O
15. c3 Rfd8 16. g3 g5 17. h4 Nd4 18. cxd4 exd4 19. Bxg5 hxg5 20. Bd3 gxh4 21.
gxh4 Rac8 22. Ke2 Re8 23. Rag1+ Kh8 24. f3 Bd6 25. Ne4 Bf4 26. Rg5 Bxg5 27.
hxg5+ Kg7 28. Nd6 Rh8 29. Rh6 Rc6 30. Rxh8 Kxh8 31. Ne4 Kg7 32. Kd2 a6 33. f4
b5 34. Nf6 Rc5 35. Ne4 Rc8 36. Ng3 Rh8 37. f5 Rh2+ 38. Ke1 Bc4 39. f6+ Kf8 40.
Bf5 Rxb2 0-1

[Event "Tsaghkadzor op"]
[Site "Tsaghkadzor"]
[Date "2017.11.29"]
[Round "7"]
[White "Shyam, Sundar M2"]
[Black "Oboladze, Luka"]
[Result "1-0"]
[WhiteElo "2528"]
[BlackElo "2226"]
[PlyCount "69"]
[EventDate "2017.11.23"]
[EventType "swiss"]
[EventRounds "9"]
[EventCountry "ARM"]
[SourceTitle "OM OTB B 201907"]
[Source "Opening Master"]
[SourceDate "2019.07.06"]
[SourceVersion "2"]
[SourceVersionDate "2019.07.06"]
[SourceQuality "1"]

1. e4 c5 2. Nf3 d6 3. d4 cxd4 4. Nxd4 Nf6 5. Nc3 Nc6 6. Be2 e5 7. Nxc6 bxc6 8.
Qd3 Be7 9. O-O O-O 10. Qg3 Kh8 11. f4 Qc7 12. Be3 Rb8 13. b3 Qa5 14. Bd2 Qc5+
15. Kh1 Be6 16. Rad1 Rbd8 17. Qe3 exf4 18. Qxf4 Qe5 19. Bf3 Qxf4 20. Bxf4 Ng4
21. Na4 Ne5 22. Be2 Bf6 23. Rd2 Ng6 24. Bxd6 Rfe8 25. Rfd1 Bc8 26. Nc5 Bg5 27.
Rd3 f5 28. Bc7 Rxd3 29. Bxd3 fxe4 30. Bxe4 Bg4 31. Rf1 Rc8 32. Bd6 Bf6 33. h3
Be2 34. Re1 Rd8 35. Nb7 1-0

[Event "FICS rated blitz game"]
[Site "FICS freechess.org"]
[Date "2017.11.23"]
[Round "?"]
[White "Fik"]
[Black "MIHAILOP"]
[Result "0-1"]
[WhiteElo "2152"]
[BlackElo "2223"]
[PlyCount "54"]
[EventDate "2017.??.??"]
[EventType "blitz"]

1. e4 c5 2. Nf3 d6 3. Nc3 Nc6 4. d4 cxd4 5. Nxd4 Nf6 6. Be2 e5 7. Ndb5 a6 8.
Na3 b5 9. Nd5 Nxd5 10. exd5 Ne7 11. c4 b4 12. Nc2 a5 13. O-O Ng6 14. a3 b3 15.
Ne3 a4 16. g3 f5 17. Bd2 Be7 18. Bd3 O-O 19. Qh5 e4 20. Be2 Ne5 21. Bc3 g6 22.
Qh6 Bg5 23. Qh3 f4 24. Ng4 f3 25. Bxe5 fxe2 26. Bc3 exf1=Q+ 27. Rxf1 h5 0-1

[Event "FICS rated standard game"]
[Site "FICS freechess.org"]
[Date "2017.11.23"]
[Round "?"]
[White "exeComp"]
[Black "JACBON"]
[Result "1-0"]
[WhiteElo "2534"]
[BlackElo "1713"]
[PlyCount "27"]
[EventDate "2017.??.??"]
[EventType "swiss"]

1. e4 c5 2. Nf3 Nc6 3. Nc3 d6 4. d4 cxd4 5. Nxd4 Nf6 6. Be2 e5 7. Nf3 Be7 8.
O-O a6 9. b3 b5 10. Bg5 h6 11. Bxf6 Bxf6 12. Nd5 Be7 13. Qd2 Be6 14. a4 1-0

[Event "Oberliga NRW 1718"]
[Site "Germany"]
[Date "2017.11.19"]
[Round "3.5"]
[White "Ramien, David"]
[Black "Van Osch, Mees"]
[Result "1/2-1/2"]
[WhiteElo "2092"]
[BlackElo "2284"]
[PlyCount "111"]
[EventDate "2017.09.17"]
[EventType "team-tourn"]
[EventRounds "9"]
[EventCountry "GER"]
[SourceTitle "OM OTB B 201907"]
[Source "Opening Master"]
[SourceDate "2019.07.06"]
[SourceVersion "2"]
[SourceVersionDate "2019.07.06"]
[SourceQuality "1"]
[WhiteTeam "Koeln Porz II"]
[BlackTeam "Muelheim Nord II"]
[WhiteTeamCountry "GER"]
[BlackTeamCountry "GER"]

1. e4 c5 2. Nf3 Nc6 3. d4 cxd4 4. Nxd4 Nf6 5. Nc3 d6 6. Be2 e5 7. Nf3 h6 8. O-O
Be7 9. Re1 O-O 10. h3 Be6 11. Bf1 Nb8 12. a4 a6 13. b3 Nbd7 14. a5 Qc7 15. Bb2
Qc6 16. Nd2 d5 17. exd5 Nxd5 18. Nxd5 Bxd5 19. Nc4 Rad8 20. Qh5 f6 21. Ne3 Bf7
22. Nf5 Qe6 23. Qg4 g6 24. Nxh6+ Kg7 25. Nxf7 Qxg4 26. hxg4 Kxf7 27. Bc4+ Kg7
28. Red1 Nb8 29. c3 Nc6 30. b4 f5 31. gxf5 gxf5 32. Bd5 Rd6 33. Bxc6 bxc6 34.
Rxd6 Bxd6 35. Rd1 Rd8 36. c4 Kf6 37. Kf1 Ke6 38. Bc3 Rh8 39. g3 Rg8 40. Re1 e4
41. Ke2 Be5 42. Bxe5 Kxe5 43. Rb1 Kd4 44. b5 c5 45. Rc1 Ra8 46. b6 Rf8 47. Rc2
Rb8 48. Kd2 Rh8 49. Kc1 Kd3 50. Kb2 Rh2 51. Rc3+ Kd4 52. Kb3 Rh1 53. Rc2 Kd3
54. Rc3+ Ke2 55. Rc2+ Kd3 56. Rc3+ 1/2-1/2

[Event "FICS rated standard game"]
[Site "FICS freechess.org"]
[Date "2017.11.19"]
[Round "?"]
[White "exeComp"]
[Black "JACBON"]
[Result "1-0"]
[WhiteElo "2557"]
[BlackElo "1717"]
[PlyCount "53"]
[EventDate "2017.??.??"]
[EventType "swiss"]

1. e4 c5 2. Nf3 Nc6 3. d4 cxd4 4. Nxd4 Nf6 5. Nc3 d6 6. Be2 e5 7. Nf3 Be7 8. b3
O-O 9. O-O a6 10. Bb2 b5 11. Re1 Bb7 12. Bd3 Nb8 13. b4 Nbd7 14. a4 a5 15. axb5
axb4 16. Na4 Nb6 17. c3 Rxa4 18. Rxa4 Nxa4 19. Qxa4 d5 20. Nxe5 dxe4 21. Bc4
Qd2 22. Re2 Qg5 23. cxb4 Nh5 24. h4 Qxh4 25. Qa7 Ba8 26. Bxf7+ Kh8 27. Bxh5 1-0

[Event "Vojvodina-chT"]
[Site "Novi Sad"]
[Date "2017.11.18"]
[Round "8.1"]
[White "Popovic, Zoran M"]
[Black "Indjic, Dusan"]
[Result "1/2-1/2"]
[WhiteElo "2211"]
[BlackElo "2297"]
[PlyCount "109"]
[EventDate "2017.11.13"]
[EventType "team-tourn"]
[EventRounds "11"]
[EventCountry "SRB"]
[SourceTitle "OM OTB B 201907"]
[Source "Opening Master"]
[SourceDate "2019.07.06"]
[SourceVersion "2"]
[SourceVersionDate "2019.07.06"]
[SourceQuality "1"]
[WhiteTeam "Gajdobra Hercegovac"]
[BlackTeam "Stara Pazova"]
[WhiteTeamCountry "SRB"]
[BlackTeamCountry "SRB"]

1. e4 c5 2. Nf3 Nc6 3. d4 cxd4 4. Nxd4 Nf6 5. Nc3 d6 6. Be2 e5 7. Nb3 Be7 8.
Bg5 O-O 9. O-O Nxe4 10. Bxe7 Nxc3 11. Bxd8 Nxd1 12. Bc7 Nxb2 13. Bxd6 Rd8 14.
Ba3 Na4 15. Bd3 Be6 16. Rfe1 Rac8 17. f3 Nd4 18. Nxd4 exd4 19. Re5 b6 20. Ree1
Nc5 21. Bb5 a6 22. Bf1 Bf5 23. Rac1 b5 24. Bb4 Ne6 25. c4 d3 26. cxb5 Rxc1 27.
Rxc1 axb5 28. Kf2 Nd4 29. Bd2 Nc2 30. Rb1 b4 31. Rb3 h5 32. h4 f6 33. g4 hxg4
34. fxg4 Bg6 35. h5 Be4 36. Kg3 Rd4 37. Kf2 Kf7 38. Kg3 Ke6 39. Kf2 Kd5 40. Kg3
Kc5 41. Kf2 Bd5 42. Rxd3 Rxg4 43. h6 gxh6 44. Bxh6 Bc4 45. Rd2 Bxf1 46. Rxc2+
Bc4 47. Rb2 Kb5 48. Kf3 Rh4 49. Bg7 f5 50. Bf6 Bd5+ 51. Ke3 Re4+ 52. Kf2 f4 53.
Bg5 Rd4 54. Bf6 Rc4 55. Be7 1/2-1/2

[Event "Wch U20 Girls 34th"]
[Site "Tarvisio"]
[Date "2017.11.17"]
[Round "5"]
[White "Priyanka, K."]
[Black "Vaishali, Ramesh Babu"]
[Result "0-1"]
[WhiteElo "2046"]
[BlackElo "2325"]
[PlyCount "64"]
[EventDate "2017.11.13"]
[EventType "swiss"]
[EventRounds "11"]
[EventCountry "ITA"]
[SourceTitle "OM OTB B 201907"]
[Source "Opening Master"]
[SourceDate "2019.07.06"]
[SourceVersion "2"]
[SourceVersionDate "2019.07.06"]
[SourceQuality "1"]

1. e4 c5 2. Nf3 d6 3. d4 cxd4 4. Nxd4 Nf6 5. Nc3 Nc6 6. Be2 e5 7. Nf3 h6 8. O-O
Be7 9. h3 O-O 10. Nh2 Be6 11. Ng4 Nd4 12. Be3 Nxe2+ 13. Qxe2 Nxg4 14. hxg4 Qc8
15. Nd5 Bxd5 16. exd5 f5 17. gxf5 Qxf5 18. Rad1 Rac8 19. c4 a6 20. b3 Rf6 21.
f3 Rcf8 22. b4 Rg6 23. Qd3 Qh5 24. Bd2 Bh4 25. Be1 Rf4 26. Rd2 Bxe1 27. Rxe1
Rh4 28. Kf2 Rxg2+ 29. Kxg2 Rh2+ 30. Kg1 Rh1+ 31. Kf2 Qh2+ 32. Ke3 Rxe1+ 0-1

[Event "FICS rated blitz game"]
[Site "FICS freechess.org"]
[Date "2017.11.15"]
[Round "?"]
[White "pikozrout"]
[Black "HappyPawns"]
[Result "0-1"]
[WhiteElo "2150"]
[BlackElo "2559"]
[PlyCount "88"]
[EventDate "2017.??.??"]
[EventType "blitz"]

1. e4 c5 2. Nc3 Nc6 3. Nf3 d6 4. d4 cxd4 5. Nxd4 Nf6 6. Be2 e5 7. Nb3 Be7 8.
O-O O-O 9. Be3 Be6 10. Bf3 a5 11. Nd5 a4 12. Nd2 Bxd5 13. exd5 Nb4 14. c4 Qc7
15. Qb1 b6 16. Rc1 Rfb8 17. Ne4 Nxe4 18. Bxe4 g6 19. Bd2 Na6 20. Bc2 Qd7 21.
Bh6 Rc8 22. Bd1 Nc5 23. b4 axb3 24. axb3 Rxa1 25. Qxa1 Bf6 26. Bc2 Qd8 27. Rd1
Ra8 28. Qc1 Qc8 29. f4 e4 30. h3 Ra2 31. Kh1 Qe8 32. b4 Nd3 33. Bxd3 exd3 34.
f5 Qe4 35. Rg1 Bd4 36. fxg6 hxg6 37. Qb1 Re2 38. Bd2 Bxg1 39. Qxg1 Rxd2 40. Qf1
Re2 41. Qg1 d2 42. b5 d1=Q 43. Kh2 Qxg1+ 44. Kxg1 Qxg2# 0-1

[Event "ROM-chT"]
[Site "Baile Govora"]
[Date "2017.11.14"]
[Round "4.4"]
[White "Petrisor, Adrian Marian"]
[Black "Dolana, Andrei Theodor"]
[Result "1-0"]
[WhiteElo "2396"]
[BlackElo "2379"]
[PlyCount "61"]
[EventDate "2017.11.11"]
[EventType "team-tourn"]
[EventRounds "9"]
[EventCountry "ROU"]
[SourceTitle "OM OTB B 201907"]
[Source "Opening Master"]
[SourceDate "2019.07.06"]
[SourceVersion "2"]
[SourceVersionDate "2019.07.06"]
[SourceQuality "1"]
[WhiteTeam "Arad Vados"]
[BlackTeam "Baia Mare"]
[WhiteTeamCountry "ROU"]
[BlackTeamCountry "ROU"]

1. e4 c5 2. Nf3 Nc6 3. d4 cxd4 4. Nxd4 Nf6 5. Nc3 d6 6. Be2 e5 7. Nb3 Be7 8.
O-O O-O 9. Bf3 a5 10. Be3 a4 11. Nd2 Be6 12. Nd5 Bxd5 13. exd5 Nb4 14. c4 Nd7
15. a3 Nd3 16. Ne4 Nxb2 17. Qc2 f5 18. Qxb2 fxe4 19. Bxe4 Bg5 20. Qc2 h6 21.
Bf5 Bxe3 22. Be6+ Kh8 23. fxe3 Nc5 24. Rxf8+ Qxf8 25. Rf1 Qe8 26. Rf7 Nxe6 27.
Qg6 Qxf7 28. Qxf7 Nc5 29. Qc7 Ne4 30. c5 dxc5 31. d6 1-0

[Event "Ïåðâåíñòâî Ìîñêâû ïî øàõìàòàì ñðåäè o^íî"]
[Site "Ìîñêâà"]
[Date "2017.11.14"]
[Round "4.2"]
[White "Zavialov, Nikita A"]
[Black "Vetokhin, Ilia"]
[Result "1/2-1/2"]
[WhiteElo "2096"]
[BlackElo "2009"]
[PlyCount "64"]
[EventDate "2017.11.11"]
[SourceTitle "OM OTB B 201907"]
[Source "Opening Master"]
[SourceDate "2019.07.06"]
[SourceVersion "2"]
[SourceVersionDate "2019.07.06"]
[SourceQuality "1"]

1. e4 c5 2. Nf3 Nc6 3. d4 cxd4 4. Nxd4 Nf6 5. Nc3 d6 6. Be2 e5 7. Nb3 Be7 8.
Be3 O-O 9. O-O a5 10. Bc4 Be6 11. Bd5 Bxd5 12. exd5 Nb8 13. Nb5 a4 14. Nc1 Nbd7
15. c4 Ne4 16. Ne2 f5 17. f4 Rf6 18. Nec3 Ndc5 19. Qc2 Qd7 20. Rae1 Nxc3 21.
Qxc3 e4 22. Re2 Rg6 23. Qc2 Nd3 24. Bd4 Bf6 25. Bxf6 Rxf6 26. Nd4 Rc8 27. b3
Qc7 28. Kh1 Qb6 29. Ne6 Nc5 30. Nd4 Nd3 31. Ne6 Nc5 32. Nd4 Nd3 1/2-1/2

[Event "SVK-chT4 A21 1718"]
[Site "Slovakia"]
[Date "2017.11.12"]
[Round "4.1"]
[White "Koutny, Petr"]
[Black "Vojtkova, Linda"]
[Result "1-0"]
[WhiteElo "2177"]
[BlackElo "1438"]
[PlyCount "63"]
[EventDate "2017.10.01"]
[EventType "team-tourn"]
[EventRounds "11"]
[EventCountry "SVK"]
[SourceTitle "OM OTB B 201907"]
[Source "Opening Master"]
[SourceDate "2019.07.06"]
[SourceVersion "2"]
[SourceVersionDate "2019.07.06"]
[SourceQuality "1"]
[WhiteTeam "Skalica II"]
[BlackTeam "Modranka Komplet"]
[WhiteTeamCountry "SVK"]
[BlackTeamCountry "SVK"]

1. e4 c5 2. Nf3 d6 3. d4 cxd4 4. Nxd4 Nf6 5. Nc3 Nc6 6. Be2 e5 7. Nb3 Be7 8.
O-O O-O 9. Kh1 Be6 10. f4 exf4 11. Bxf4 Ne5 12. Nd4 Rc8 13. Qe1 a6 14. Qg3 Qc7
15. Bg5 Ng6 16. Nf5 Rcd8 17. h4 Kh8 18. h5 Bxf5 19. Rxf5 Nxh5 20. Bxh5 Bxg5 21.
Rxg5 Qe7 22. Bxg6 fxg6 23. Rd1 Rf7 24. Rgd5 Rdf8 25. Kg1 b5 26. R5d4 h5 27. Nd5
Qe6 28. Ne3 Qe7 29. Qxg6 Rf6 30. Nd5 Rxg6 31. Nxe7 Rgf6 32. Rxd6 1-0

[Event "FICS rated standard game"]
[Site "FICS freechess.org"]
[Date "2017.11.05"]
[Round "?"]
[White "elisabeth"]
[Black "NightFury"]
[Result "0-1"]
[WhiteElo "1977"]
[BlackElo "2144"]
[PlyCount "70"]
[EventDate "2017.??.??"]
[EventType "swiss"]

1. e4 c5 2. Nf3 d6 3. d4 cxd4 4. Nxd4 Nf6 5. Nc3 Nc6 6. Be2 e5 7. Nb3 Be7 8.
O-O O-O 9. Be3 a6 10. Qd2 Qc7 11. f3 Be6 12. Rad1 Rfd8 13. Nd5 Bxd5 14. exd5
Nb8 15. c4 Nbd7 16. Bd3 Nc5 17. Nxc5 dxc5 18. Qc2 b5 19. b3 b4 20. Bg5 h6 21.
Bxf6 Bxf6 22. Be4 Rd6 23. g3 Bg5 24. Qe2 a5 25. h4 Bf6 26. Kg2 a4 27. Ra1 axb3
28. axb3 Raa6 29. Ra2 Qa7 30. Rfa1 Ra3 31. Qd2 Rda6 32. Rxa3 Rxa3 33. Rxa3 bxa3
34. d6 a2 35. d7 Bd8 0-1

[Event "Acqui Terme ITA, 2nd Collino Open"]
[Site "Acqui Terme ITA"]
[Date "2017.11.04"]
[Round "2.8"]
[White "Pivari, Flavio"]
[Black "Nikolajevic, Tihomir"]
[Result "0-1"]
[WhiteElo "1645"]
[BlackElo "1807"]
[PlyCount "66"]
[EventDate "2017.11.03"]
[EventType "swiss"]
[EventRounds "5"]
[EventCountry "ITA"]
[SourceTitle "OM OTB B 201907"]
[Source "Opening Master"]
[SourceDate "2019.07.06"]
[SourceVersion "2"]
[SourceVersionDate "2019.07.06"]
[SourceQuality "1"]

1. e4 c5 2. Nf3 Nc6 3. d4 cxd4 4. Nxd4 Nf6 5. Nc3 d6 6. Be2 e5 7. Ndb5 a6 8.
Na3 b5 9. Nd5 Nxd5 10. exd5 Ne7 11. c3 Bb7 12. Bf3 f5 13. Bg5 Qc7 14. O-O Qc5
15. c4 b4 16. Bxe7 Bxe7 17. Qa4+ Kf7 18. Qd7 Bc8 19. Qc6 Qxc6 20. dxc6 e4 21.
Nb5 axb5 22. Be2 bxc4 23. Bxc4+ Be6 24. Bxe6+ Kxe6 25. Rac1 Rhc8 26. a3 bxa3
27. bxa3 Rxa3 28. Rfe1 Ra6 29. f3 d5 30. c7 Bd6 31. fxe4 fxe4 32. Rf1 Rxc7 33.
Rxc7 Bxc7 0-1

[Event "FICS rated blitz game"]
[Site "FICS freechess.org"]
[Date "2017.11.04"]
[Round "?"]
[White "EFourAndWhiteWins"]
[Black "Lurking"]
[Result "1-0"]
[WhiteElo "2171"]
[BlackElo "2571"]
[PlyCount "117"]
[EventDate "2017.??.??"]
[EventType "blitz"]

1. e4 c5 2. Nf3 d6 3. d4 cxd4 4. Nxd4 Nf6 5. Nc3 Nc6 6. Be2 e5 7. Nb3 Be7 8.
O-O O-O 9. Be3 Be6 10. Bf3 Na5 11. Nxa5 Qxa5 12. Qd2 Kh8 13. a3 a6 14. Rfd1
Rac8 15. h3 Qc7 16. a4 Qa5 17. Ne2 Qxd2 18. Rxd2 g6 19. b3 Nd7 20. c4 f5 21.
exf5 gxf5 22. a5 Rg8 23. Kh2 Rc7 24. g3 Nc5 25. Rb1 Bf8 26. Rdd1 Rg6 27. Nc3 f4
28. Bxc5 fxg3+ 29. fxg3 dxc5 30. Bd5 Bd7 31. Rf1 Be7 32. Rbe1 Rg5 33. g4 h6 34.
Rf2 Rg6 35. Be4 Bh4 36. Bxg6 Bxf2 37. Rf1 Bh4 38. Rf7 Kg8 39. Nd5 Rc6 40. Rxd7
Rxg6 41. Rxb7 Kh8 42. Rc7 Bf2 43. Kg2 Bd4 44. Kf3 Rg8 45. Rc6 h5 46. Rxa6 hxg4+
47. hxg4 e4+ 48. Kxe4 Re8+ 49. Kd3 Re1 50. b4 Rd1+ 51. Kc2 Rg1 52. Ra8+ Kg7 53.
b5 Rg2+ 54. Kd3 Rg3+ 55. Ke4 Rxg4+ 56. Kf5 Rg1 57. b6 Rf1+ 58. Ke6 Re1+ 59. Kd7
1-0

[Event "Moquegua Ilo GP"]
[Site "Moquegua Ilo"]
[Date "2017.11.03"]
[Round "4"]
[White "Alarcon Garcia, Alejandro Mikhai"]
[Black "Quinones, Cesar Luis"]
[Result "0-1"]
[WhiteElo "1910"]
[BlackElo "2231"]
[PlyCount "62"]
[EventDate "2017.11.01"]
[EventType "swiss"]
[EventRounds "8"]
[EventCountry "PER"]
[SourceTitle "OM OTB B 201907"]
[Source "Opening Master"]
[SourceDate "2019.07.06"]
[SourceVersion "2"]
[SourceVersionDate "2019.07.06"]
[SourceQuality "1"]

1. e4 c5 2. Nf3 Nc6 3. d4 cxd4 4. Nxd4 Nf6 5. Nc3 d6 6. Be2 e5 7. Nf3 h6 8. h3
Be7 9. Be3 Be6 10. Qd2 O-O 11. O-O a6 12. a4 Rc8 13. Rfd1 Re8 14. Ne1 Nb4 15.
Nd3 d5 16. exd5 Nfxd5 17. Nxd5 Nxd5 18. Nxe5 Nxe3 19. Qxe3 Qc7 20. Bd3 Bd6 21.
Re1 Bc4 22. Nxc4 Rxe3 23. Rxe3 Bc5 24. Re2 Qf4 25. b3 g6 26. Rae1 Rc6 27. Ne5
Rc7 28. Nf3 Kg7 29. Re4 Qf6 30. R1e2 Bd6 31. Nd2 Rd7 0-1

[Event "FICS rated standard game"]
[Site "FICS freechess.org"]
[Date "2017.11.02"]
[Round "?"]
[White "Yudhajeetde"]
[Black "Triarius"]
[Result "0-1"]
[WhiteElo "1895"]
[BlackElo "2337"]
[PlyCount "46"]
[EventDate "2017.??.??"]
[EventType "swiss"]

1. e4 c5 2. Nf3 Nc6 3. d4 cxd4 4. Nxd4 Nf6 5. Nc3 d6 6. Be2 e5 7. Ndb5 a6 8.
Na3 b5 9. Nd5 Nxe4 10. Bf3 f5 11. c3 Be7 12. O-O O-O 13. Qe2 Be6 14. Bxe4 fxe4
15. Qxe4 Rc8 16. Nxe7+ Qxe7 17. Nc2 d5 18. Qe2 Qf6 19. Ne3 d4 20. Ng4 Qf5 21.
cxd4 Nxd4 22. Qxe5 Qxg4 23. f3 Nxf3+ 0-1

[Event "FICS rated standard game"]
[Site "FICS freechess.org"]
[Date "2017.11.01"]
[Round "?"]
[White "exeComp"]
[Black "JACBON"]
[Result "1-0"]
[WhiteElo "2520"]
[BlackElo "1740"]
[PlyCount "43"]
[EventDate "2017.??.??"]
[EventType "swiss"]

1. e4 c5 2. Nf3 Nc6 3. d4 cxd4 4. Nxd4 d6 5. Nc3 Nf6 6. Be2 e5 7. Nb3 Be7 8.
O-O O-O 9. Re1 a6 10. Be3 b5 11. a3 Bb7 12. a4 b4 13. Nd5 Nxd5 14. Qxd5 Rb8 15.
Qd2 a5 16. Bb5 Ra8 17. Qd3 Nb8 18. Nd2 Nd7 19. Nc4 f6 20. Rad1 Nc5 21. Bxc5
dxc5 22. Qb3 1-0

[Event "Santo Domingo DOM, Guzman Cup 2017"]
[Site "Santo Domingo DOM"]
[Date "2017.10.29"]
[Round "8.3"]
[White "Guzman, Christopher"]
[Black "Abreu Jean, Carlos Paul"]
[Result "0-1"]
[WhiteElo "2357"]
[BlackElo "2281"]
[PlyCount "72"]
[EventDate "2017.10.20"]
[EventType "swiss"]
[EventRounds "8"]
[EventCountry "DOM"]
[SourceTitle "OM OTB B 201907"]
[Source "Opening Master"]
[SourceDate "2019.07.06"]
[SourceVersion "2"]
[SourceVersionDate "2019.07.06"]
[SourceQuality "1"]

1. e4 c5 2. Nf3 Nc6 3. d4 cxd4 4. Nxd4 Nf6 5. Nc3 d6 6. Be2 e5 7. Nb3 h6 8. Be3
Be7 9. f3 O-O 10. Qd2 Be6 11. O-O-O a5 12. Kb1 a4 13. Nc1 a3 14. b3 Nb4 15. Nd3
d5 16. exd5 Nfxd5 17. Bc5 Nxc3+ 18. Qxc3 Nd5 19. Qd2 Bg5 20. Qe1 Re8 21. h4 Be3
22. Bxe3 Nxe3 23. Rc1 Bf5 24. g4 Bxd3 25. cxd3 Qd4 26. Qd2 b5 27. g5 hxg5 28.
hxg5 Rac8 29. f4 Nd5 30. Bg4 Rxc1+ 31. Rxc1 b4 32. Rc4 Qg1+ 33. Bd1 exf4 34.
Rc1 Nc3+ 35. Kc2 Rc8 36. d4 Ne2+ 0-1

[Event "21st OIBM 2017"]
[Site "Tegernsee GER"]
[Date "2017.10.28"]
[Round "1.29"]
[White "Henderson de La Fuente, Lance"]
[Black "Gschwendtner, K."]
[Result "1-0"]
[WhiteElo "2410"]
[BlackElo "2095"]
[PlyCount "110"]
[EventDate "2017.10.28"]
[EventType "swiss"]
[EventRounds "9"]
[EventCountry "GER"]
[SourceTitle "The Week in Chess 1199"]
[Source "Mark Crowther"]
[SourceDate "2017.10.30"]
[SourceVersion "1"]
[SourceVersionDate "2017.10.30"]
[SourceQuality "2"]

1. e4 c5 2. Nf3 Nc6 3. d4 cxd4 4. Nxd4 Nf6 5. Nc3 d6 6. Be2 e5 7. Nxc6 bxc6 8.
O-O Be7 9. Kh1 Rb8 10. Rb1 d5 11. Bd3 O-O 12. f4 d4 13. Ne2 c5 14. Ng3 exf4 15.
Bxf4 Rb6 16. Nf5 Bxf5 17. exf5 Nd5 18. Qf3 Nxf4 19. Qxf4 Bd6 20. Qg4 Qb8 21. f6
g6 22. Qg5 Re8 23. Bc4 Re5 24. Qh6 Qf8 25. Qxf8+ Kxf8 26. b3 Rh5 27. h3 Be5 28.
Rf3 Rxf6 29. Rxf6 Bxf6 30. Rf1 Kg7 31. Rf3 Re5 32. g4 h5 33. Kg2 h4 34. Kf2 Re7
35. Kf1 Bg5 36. Rf2 f6 37. Re2 Be3 38. Kg2 Re5 39. Kf3 f5 40. Bd3 fxg4+ 41.
hxg4 Kf6 42. c3 Kg5 43. cxd4 cxd4 44. Rc2 Bf4 45. Re2 h3 46. b4 h2 47. Rxe5+
Bxe5 48. Kg2 Kxg4 49. Bxg6 Kf4 50. a4 Ke3 51. b5 d3 52. a5 Ke2 53. a6 Bc7 54.
b6 Bxb6 55. Kxh2 d2 1-0

[Event "Hammamet TUN, 5th Francophonie Ch"]
[Site "Hammamet TUN"]
[Date "2017.10.28"]
[Round "1.4"]
[White "Alhousseyni, Hasseye"]
[Black "Abergel, Thal"]
[Result "0-1"]
[WhiteElo "1928"]
[BlackElo "2462"]
[PlyCount "71"]
[EventDate "2017.10.28"]
[EventType "swiss"]
[EventRounds "9"]
[EventCountry "TUN"]
[SourceTitle "OM OTB B 201907"]
[Source "Opening Master"]
[SourceDate "2019.07.06"]
[SourceVersion "2"]
[SourceVersionDate "2019.07.06"]
[SourceQuality "1"]

1. e4 c5 2. Nf3 d6 3. d4 cxd4 4. Nxd4 Nf6 5. Nc3 Nc6 6. Be2 e5 7. Nf3 h6 8. O-O
Be7 9. h3 Be6 10. Be3 O-O 11. Qd2 a6 12. Rad1 b5 13. a3 Rc8 14. Nh2 Na5 15. f4
Rxc3 16. Qxc3 Nxe4 17. Qe1 Bh4 18. Qb4 Nc4 19. Bxc4 Bxc4 20. a4 a5 21. Qa3 b4
22. Qa1 Bxf1 23. Nxf1 exf4 24. Bxf4 Qb6+ 25. Kh2 Qf2 26. Qc1 Rc8 27. Qe3 Qxc2
28. Qf3 Bg5 29. Ne3 Qf2 30. Bxg5 Qxf3 31. gxf3 Nxg5 32. Kg3 Ne6 33. Rxd6 Nc5
34. Nd5 Re8 35. Nb6 Re2 36. Rd4 0-1

[Event "Saravanampatty IND, Ch U17 (b) 2017"]
[Site "Saravanampatty IND"]
[Date "2017.10.27"]
[Round "6.11"]
[White "Dileep, Kumar R"]
[Black "Rathneesh, R."]
[Result "1/2-1/2"]
[WhiteElo "2182"]
[BlackElo "1857"]
[PlyCount "48"]
[EventDate "2017.10.24"]
[EventType "swiss"]
[EventRounds "11"]
[EventCountry "IND"]
[SourceTitle "OM OTB B 201907"]
[Source "Opening Master"]
[SourceDate "2019.07.06"]
[SourceVersion "2"]
[SourceVersionDate "2019.07.06"]
[SourceQuality "1"]

1. e4 c5 2. Nf3 Nc6 3. d4 cxd4 4. Nxd4 Nf6 5. Nc3 d6 6. Be2 e5 7. Nb3 Be6 8.
Bg5 Be7 9. Bxf6 Bxf6 10. Nd5 Bxd5 11. exd5 Nd4 12. Nxd4 Qa5+ 13. Qd2 Qxd2+ 14.
Kxd2 exd4 15. Bb5+ Kd8 16. f4 Rc8 17. Kd3 Rc5 18. Bc4 Re8 19. Rhe1 Rxe1 20.
Rxe1 Rc7 21. g4 h6 22. Bb3 Re7 23. Re4 Rxe4 24. Kxe4 Ke7 1/2-1/2

[Event "FICS rated standard game"]
[Site "FICS freechess.org"]
[Date "2017.10.27"]
[Round "?"]
[White "exeComp"]
[Black "JACBON"]
[Result "1-0"]
[WhiteElo "2572"]
[BlackElo "1694"]
[PlyCount "25"]
[EventDate "2017.??.??"]
[EventType "swiss"]

1. e4 c5 2. Nf3 Nc6 3. d4 cxd4 4. Nxd4 d6 5. Nc3 Nf6 6. Be2 e5 7. Nxc6 bxc6 8.
O-O Be7 9. Qd3 O-O 10. Qg3 Re8 11. Bh6 Bf8 12. Rad1 Qb6 13. Rxd6 1-0